000 00551nam a2200193Ia 4500
005 20250508162639.0
008 008 250505s9999 xx 000 0 hin d
037 _aBooks to be hide in OPAC
040 _aFEDL
_beng
_cFEDL
041 _ahin
_2eng
084 _a150, SUL/O
_qFEDL
100 _aMuhammad Suleman
_9150730
245 0 _aAadhunik samanya manovigyan
260 _aPatna, India
_bShukla Book Depot
_c1987
300 _a834p.
700 _a Ajijurahman Khan
_9773684
942 _cHB
_h150, SUL/O
999 _c1377824
_d1377824